| 000 | 00338nam a2200133Ia 4500 | ||
|---|---|---|---|
| 008 | 231129s1964||||xx |||||||||||||| ||spa|| | ||
| 040 | _bspa | ||
| 082 | _a920 C827c | ||
| 100 | _aCortazar Roberto | ||
| 245 | 0 | _aCorrespondencia dirigida al General Francisco de Paula Santander | |
| 260 | _c1964 | ||
| 264 | _aVoluntad | ||
| 942 |
_2ddc _cBKS |
||
| 999 |
_c8144 _d8144 |
||